000 005140000a22001810004500
003 MACL
005 20160310125234.0
008 160310b xxu||||| |||| 00| 0 eng d
040 _aMACL
_cMACL
041 _aHindi
082 _a891.433
100 _aलक्ष्‍मीनारायण लाल
_944415
245 _aश्रृंगार
260 _bराजपाल एण्‍ड संस
_aदिल्‍ली
350 _a7
650 _aStories
_944416
942 _cHIN
_k891.433
_2ddc
999 _c26483
_d26483